000 00259 a2200109 4500
000 nam a22 7a 4500
020 _a9781032527802
100 _aReddy,Chandan K
_964
245 _aHealth Care Data Analytics
260 _bCRC Press
_c2023
264 _bCRC Press
999 _c35895
_d35895